000 00466nam a2200169Ia 4500
008 090711s9999 xx 000 0 und d
082 _b62474
100 _aआफळे गोविंद
245 _aटाकीSो घाव
260 _c1984
300 _a48
600 _aआफळे गोविंद
630 _aटाकीSो घाव
700 _aआफळे गोविंद
730 _aटाकीSो घाव
942 _cBOOK
999 _c327741
_d327741